DOPASUJ KRAJ DO KLUBU 2 - Statystyki

Ogólne statystyki
  • Ten quiz został rozwiązany 96 razy
  • Średni wynik to 13 z 15
Statystyki odpowiedzi
Hint Odpowiedź % Poprawnych
Slavia Praga Czechy
100%
Anderlecht Bruksela Belgia
97%
Sporting Lizbona Portugalia
95%
CSKA Moskwa Rosja
95%
Fiorentina Włochy
94%
Olympique Lyon Francja
93%
Paok Saloniki Grecja
91%
Slovan Bratysława Słowacja
91%
Celta Vigo Hiszpania
88%
Steaua Bukareszt Rumunia
88%
Bournemooth Anglia
86%
Partizan Belgrad Serbia
84%
Rosenborg Trondheim Norwegia
75%
SPAL Włochy
74%
Łudogorec Razgrad Bułgaria
60%
Nie znaleziono quizów pasujących do podanych kryteriów
Rozkład punktacji
Procent ludzi z każdym wynikiem
Percentyl według liczby udzielonych odpowiedzi
Twoja historia wyników
Nie rozwiązałeś tego quizu